000 00607nam a2200193Ia 4500
005 20250508150457.0
008 008 250505s9999 xx 000 0 eng d
037 _aTextual
040 _aFEDL
_beng
_cFEDL
041 _aeng
_2eng
084 _a347.6, PRA
_qFEDL
100 _aM. W.Pradhan
_9756774
245 0 _aTreatise on the low relating to minors : Together with commentary on central an Bombay acts concerning children
260 _aBombay, India
_bN.M. Tripathi Pvt. Ltd.
_c1948
300 _axiv,355p
650 _aLaw
942 _cTEXL
_h347.6, PRA
999 _c1323830
_d1323830